Представление документа в формате RUSMARC

ПолеНазваниеЗначение
  Тип записи a
  Библиографический уровень m
001 Контрольный номер 2359f20a908a45bfa7030ded35e8d5b1
005 Дата корректировки 20240327151903.2
010 Индекс ISBN __
a ISBN 978-5-91540-129-6
100 Данные общей обработки __
a Данные общей обработки 20240304d 0rusy0189## ca
101 Язык документа 0_
a Язык текста rus
102 Страна публикации __
a Страна публикации RU
200 Заглавие и сведения об ответственности 1_
a Заглавие Психология и литература в диалоге о человеке
e Сведения, относящиеся к заглавию [сборник статей на основе материалов международной научной конференции, посвященной Году литературы в России (2015)]
f Первые сведения об ответственности под ред. Н.А. Борисенко [и др.]
210 Выходные данные 1_
a Место издания Москва
c Издательство Русская школьная библиотечная ассоциация
d Дата издания 2016
215 Физическое описание __
a Объем 367, [1] с.
225 Серия 2_
a Серия Профессиональная библиотека школьного библиотекаря. Серия 1 ; вып. 1
225 Серия 2_
a Серия В помощь педагогу-библиотекарю
225 Серия 2_
a Серия Приложение к журналу "Школьная библиотека"
606 Тематические рубрики 0_
a Основная рубрика Методика преподавания литературы
606 Тематические рубрики 0_
a Основная рубрика Психология развития и возрастная психология
610 Ключевые слова 0_
a Ключевые слова преподавание литературы; школьные библиотеки; психология развития; библиопсихология; библиопедагогика; семейное чтение; библиотерапия; детское чтение; чтение; привлечение к чтению; художественная литература
686 Индексы других классификаций __
a Классификационный индекс 74.268.3
686 Индексы других классификаций __
a Классификационный индекс 88.4
801 Источник записи _0
a Страна RU
b Организация УОБДЮ
c Дата составления 20240304
g Правила каталогизации RCR
801 Источник записи _1
a Страна RU
b Организация УОБДЮ
c Дата составления 20240304
g Правила каталогизации RCR
852 Данные о местонахождении __
i Авторский знак П 86
j Шифр хранения 88
900 Электронные ресурсы __
a Имя электронного ресурса 588059
901 Тип документа __
t Тип документа m
905 Данные по созданию БЗ __
b Логин пользователя, который создал БЗ imm
905 Данные по созданию БЗ __
a Дата создания БЗ 202403
b Логин пользователя, который создал БЗ o7
909 Создатель записи __
b Дата создания записи 20240304